All Major North American Sports Teams by Divisions - Statistics

General Stats
  • This quiz has been taken 83 times
  • The average score is 97 of 124
Answer Stats
Answer % Correct
Cincinnati Bengals
94%
Dallas Cowboys
94%
Jacksonville Jaguars
94%
New York Giants
94%
New York Jets
94%
Arizona Cardinals
92%
Baltimore Ravens
92%
Carolina Panthers
92%
Cleveland Browns
92%
Detroit Lions
92%
Green Bay Packers
92%
Kansas City Chiefs
92%
Miami Dolphins
92%
Minnesota Vikings
92%
New England Patriots
92%
Pittsburgh Steelers
92%
San Francisco Giants
92%
Winnipeg Jets
92%
Atlanta Falcons
90%
Florida Panthers
90%
Houston Texans
90%
Las Vegas Raiders
90%
Los Angeles Chargers
90%
Los Angeles Rams
90%
New York Yankees
90%
St. Louis Cardinals
90%
Washington Commanders
90%
Buffalo Bills
88%
Chicago Bears
88%
Cincinnati Reds
88%
Denver Broncos
88%
Miami Heat
88%
Philadelphia Eagles
88%
Seattle Seahawks
88%
Tampa Bay Buccaneers
88%
Brooklyn Nets
86%
Indianapolis Colts
86%
New Orleans Saints
86%
Atlanta Hawks
84%
Chicago White Sox
84%
Los Angeles Lakers
84%
San Francisco 49ers
84%
Tennessee Titans
84%
Boston Celtics
82%
Dallas Mavericks
82%
Golden State Warriors
82%
New York Rangers
82%
Oakland Athletics
82%
Washington Wizards
82%
Denver Nuggets
80%
Los Angeles Clippers
80%
Los Angeles Dodgers
80%
New York Knicks
80%
Sacramento Kings
80%
San Antonio Spurs
80%
Texas Rangers
80%
Baltimore Orioles
78%
Boston Red Sox
78%
Chicago Bulls
78%
Chicago Cubs
78%
Houston Astros
78%
Indiana Pacers
78%
Kansas City Royals
78%
New Orleans Pelicans
78%
New York Mets
78%
Oklahoma City Thunder
78%
Pittsburgh Pirates
78%
Tampa Bay Rays
78%
Toronto Blue Jays
78%
Los Angeles Angels
76%
Los Angeles Kings
76%
Miami Marlins
76%
Milwaukee Bucks
76%
Minnesota Timberwolves
76%
Minnesota Twins
76%
Philadelphia 76ers
76%
Philadelphia Phillies
76%
Charlotte Hornets
74%
Cleveland Cavaliers
74%
Cleveland Guardians
74%
Detroit Tigers
74%
Houston Rockets
74%
Memphis Grizzlies
74%
San Diego Padres
74%
Arizona Diamondbacks
72%
Dallas Stars
72%
Detroit Pistons
72%
Orlando Magic
72%
Phoenix Suns
72%
Seattle Mariners
72%
Vegas Golden Knights
72%
Washington Nationals
72%
Atlanta Braves
70%
Boston Bruins
70%
Colorado Rockies
70%
Milwaukee Brewers
70%
Anaheim Ducks
68%
Minnesota Wild
68%
New York Islanders
68%
Portland Trailblazers
68%
Utah Jazz
68%
Chicago Blackhawks
66%
Detroit Red Wings
66%
Edmonton Oilers
66%
New Jersey Devils
66%
Ottawa Senators
66%
Pittsburgh Penguins
66%
Seattle Kraken
66%
Toronto Maple Leafs
66%
Vancouver Canucks
66%
Calgary Flames
64%
Colorado Avalanche
64%
Columbus Blue Jackets
64%
San Jose Sharks
64%
Toronto Raptors
64%
Philadelphia Flyers
62%
Tampa Bay Lightning
62%
Washington Capitals
62%
Carolina Hurricanes
60%
Nashville Predators
60%
St. Louis Blues
60%
Utah Hockey Club
58%
Montréal Canadians
42%
Buffalo Sabers
40%
No matching quizzes found
Score Distribution
Percent of People with Each Score
Percentile by Number Answered
Your Score History
You have not taken this quiz